[Event "Championnat de France - Open B"]
[Site "NANCY"]
[Date "2013.08.18"]
[Round "6.4"]
[White "Merenciano, Alexandre"]
[Black "Marimoutou, Loic"]
[Result "1/2-1/2"]
[WhiteElo "1888"]
[BlackElo "1960"]
[PlyCount "49"]
[EventDate "2013.??.??"]

1. e4 e5 2. Nf3 Nc6 3. d4 exd4 4. Bc4 Nf6 5. O-O Nxe4 6. Re1 d5 7. Bxd5 Qxd5 8.
Nc3 Qa5 9. Nxe4 Be6 10. Neg5 O-O-O 11. Nxe6 fxe6 12. Rxe6 Bd6 13. Bg5 Rde8 14.
Qe2 Kd7 15. Rxe8 Rxe8 16. Qd2 Qxd2 17. Bxd2 g6 18. Re1 Rxe1+ 19. Bxe1 Be7 20.
Bd2 Bf6 21. Kf1 Ke6 22. Bg5 Bg7 23. Bd2 Bf6 24. Bg5 Bg7 25. Bd2 1/2-1/2

[Event "Championnat de France - Open B"]
[Site "NANCY"]
[Date "2013.08.18"]
[Round "6.5"]
[White "Muller, Etienne"]
[Black "Armas, Lara-Maria"]
[Result "1-0"]
[WhiteElo "1907"]
[BlackElo "1946"]
[PlyCount "47"]
[EventDate "2013.??.??"]

1. Nf3 d5 2. c4 c6 3. e3 Nf6 4. Nc3 e6 5. b3 Bd6 6. Qc2 O-O 7. Bb2 Nbd7 8. Be2
Re8 9. Rg1 Nf8 10. g4 e5 11. g5 N6d7 12. cxd5 cxd5 13. Nxd5 b6 14. Qc6 Nc5 15.
Qxa8 Qd7 16. Nc3 Bb7 17. Qxa7 Bc7 18. Na4 Nd3+ 19. Bxd3 Bxf3 20. Be2 Bxe2 21.
Kxe2 Rd8 22. Bc3 Qc6 23. Qa6 e4 24. Qc4 1-0

[Event "Championnat de France - Open B"]
[Site "NANCY"]
[Date "2013.08.18"]
[Round "6.6"]
[White "Duhamel, Benoit"]
[Black "Trouve, Guillaume"]
[Result "1-0"]
[WhiteElo "1942"]
[BlackElo "1908"]
[PlyCount "75"]
[EventDate "2013.??.??"]

1. e4 c5 2. Nf3 d6 3. c3 Nf6 4. Bd3 Bg4 5. h3 Bh5 6. Bc2 Nc6 7. d3 Rc8 8. Be3
e6 9. Nbd2 a6 10. O-O Be7 11. Qe2 O-O 12. a3 d5 13. g4 Bg6 14. e5 Nd7 15. Bf4
c4 16. Rfe1 cxd3 17. Bxd3 Bxd3 18. Qxd3 Nc5 19. Qe3 h6 20. g5 hxg5 21. Nxg5 Nd3
22. Ndf3 Nxf4 23. Qxf4 Bxg5 24. Nxg5 Ne7 25. Qh4 Re8 26. Qh7+ Kf8 27. Qh5 Ng6
28. Re3 Rc7 29. Rae1 Ree7 30. Rf3 Ke8 31. Ree3 Rcd7 32. Nh7 Qb6 33. Qxg6 Kd8
34. Qxg7 f5 35. Qf8+ Kc7 36. Nf6 Rf7 37. Nxd7 Rxd7 38. Qb4 1-0

[Event "Championnat de France - Open B"]
[Site "NANCY"]
[Date "2013.08.18"]
[Round "6.7"]
[White "Moullier, Igor"]
[Black "Abdesselem, Ahmed"]
[Result "1-0"]
[WhiteElo "1936"]
[BlackElo "1864"]
[PlyCount "77"]
[EventDate "2013.??.??"]

1. c4 Nf6 2. g3 g6 3. Bg2 Bg7 4. Nc3 O-O 5. e4 c6 6. Nge2 d6 7. O-O Nbd7 8. d3
e5 9. h3 a5 10. Be3 Qe7 11. Qd2 Nc5 12. f4 b6 13. Rae1 Rd8 14. g4 Bb7 15. Ng3
Nfd7 16. f5 f6 17. h4 Nf8 18. g5 Bc8 19. Re2 Ra7 20. Ref2 Nfd7 21. Bh3 Rf8 22.
Rg2 Qe8 23. Qe2 Rf7 24. Bg4 Nf8 25. Rf3 Rab7 26. Qf1 Qd8 27. Rgf2 Bh8 28. Bc1
Qc7 29. Qh3 Ncd7 30. fxg6 hxg6 31. h5 Rh7 32. Be6+ Nxe6 33. Qxe6+ Kf8 34. hxg6
Re7 35. Qh3 Bg7 36. Nf5 Nc5 37. gxf6 Bxf6 38. Qh6+ Ke8 39. Nxe7 1-0

[Event "Championnat de France - Open B"]
[Site "NANCY"]
[Date "2013.08.18"]
[Round "6.8"]
[White "Coiffait, Pierre-Basile"]
[Black "Da Silva, Quentin"]
[Result "1-0"]
[WhiteElo "1931"]
[BlackElo "1848"]
[PlyCount "67"]
[EventDate "2013.??.??"]

1. e4 c5 2. Nf3 d6 3. d4 cxd4 4. Nxd4 Nf6 5. Nc3 g6 6. Be3 Bg7 7. f3 Nc6 8. Qd2
O-O 9. g4 Nxd4 10. Bxd4 Be6 11. h4 Qa5 12. a3 Rfc8 13. h5 Rab8 14. hxg6 fxg6
15. Qh2 Kf7 16. Bd3 Bc4 17. e5 dxe5 18. Bxe5 Ra8 19. O-O-O Bxd3 20. Rxd3 Rc6
21. Ne4 Rac8 22. Bc3 Qb5 23. Nxf6 Rxf6 24. Kb1 Rxc3 25. Rxc3 h6 26. Rb3 Qc6 27.
Qe2 Re6 28. Qb5 Qd6 29. Qxb7 Qd2 30. Qb4 Qf2 31. Qf4+ Rf6 32. Qc4+ Re6 33. Rf1
Qd2 34. f4 1-0

[Event "Championnat de France - Open B"]
[Site "NANCY"]
[Date "2013.08.18"]
[Round "6.9"]
[White "Adeimi, Michel"]
[Black "Ginovart, Axel"]
[Result "0-1"]
[WhiteElo "1949"]
[BlackElo "1857"]
[PlyCount "78"]
[EventDate "2013.??.??"]

1. e4 e6 2. d3 c5 3. Nf3 Nc6 4. Qe2 Be7 5. g3 d5 6. Bg2 dxe4 7. dxe4 e5 8. O-O
Bg4 9. c3 Nf6 10. h3 Be6 11. Ng5 Bd7 12. f4 h6 13. Nf3 exf4 14. gxf4 Qc7 15.
Nh2 O-O-O 16. e5 Nh7 17. Na3 g5 18. fxg5 Nxg5 19. Bxg5 Bxg5 20. Nb5 Qxe5 21.
Nxa7+ Kc7 22. Nb5+ Kb8 23. Qxe5+ Nxe5 24. Nd6 Bxh3 25. Nxf7 Be3+ 26. Kh1 Bxg2+
27. Kxg2 Rd2+ 28. Kh3 Nxf7 29. Rxf7 Rxb2 30. Ng4 Bd2 31. Ne5 Bxc3 32. Nd7+ Ka8
33. Rf3 Rc2 34. Rb1 Bb4 35. a3 Ba5 36. Rb5 Bc7 37. Nxc5 Rg8 38. Kh4 Rh2+ 39.
Rh3 Bd8+ 0-1

[Event "Championnat de France - Open B"]
[Site "NANCY"]
[Date "2013.08.18"]
[Round "6.10"]
[White "Kern, Nicolas"]
[Black "Bellahcene, Rayane"]
[Result "1-0"]
[WhiteElo "1927"]
[BlackElo "1989"]
[PlyCount "79"]
[EventDate "2013.??.??"]

1. e4 e5 2. Bc4 Nf6 3. d3 Nc6 4. Nc3 h6 5. Nge2 Bc5 6. O-O d6 7. Na4 Bb6 8.
Nxb6 axb6 9. Nc3 g5 10. f3 Na5 11. Be3 Nxc4 12. dxc4 Be6 13. Nd5 Bxd5 14. cxd5
Qd7 15. Qd3 Ke7 16. c4 Ra6 17. b4 Rha8 18. a3 Nh5 19. Rfc1 Nf4 20. Bxf4 gxf4
21. Rc3 h5 22. Qd2 h4 23. Qf2 Rh8 24. h3 Raa8 25. c5 bxc5 26. bxc5 Rag8 27. Kh2
Rg3 28. cxd6+ Qxd6 29. Qc5 Qxc5 30. Rxc5 Kd6 31. Rac1 Rc8 32. Rb5 Rb8 33. Rbc5
Rc8 34. a4 Rg6 35. Rb5 Rb8 36. Rbc5 Rc8 37. Rb5 b6 38. Rxb6+ Kd7 39. Rxg6 fxg6
40. Rc6 1-0

[Event "Championnat de France - Open B"]
[Site "NANCY"]
[Date "2013.08.19"]
[Round "7.1"]
[White "Venard, Paul-Andre"]
[Black "Pouchon, Joffrey"]
[Result "1/2-1/2"]
[WhiteElo "1933"]
[BlackElo "1917"]
[PlyCount "103"]
[EventDate "2013.??.??"]

1. d4 d5 2. Nf3 Nf6 3. c4 e6 4. Nc3 c6 5. cxd5 exd5 6. Qc2 g6 7. Bg5 Be7 8. e3
Bf5 9. Bd3 Bxd3 10. Qxd3 Nbd7 11. O-O O-O 12. Rab1 Re8 13. b4 a6 14. a4 Ne4 15.
Bxe7 Rxe7 16. Nd2 Nxd2 17. Qxd2 Nb6 18. Rfc1 Nc4 19. Qd3 f5 20. b5 axb5 21.
axb5 Ra3 22. bxc6 bxc6 23. g3 Qa5 24. Qc2 Kg7 25. Rb3 h5 26. Rxa3 Qxa3 27. Rb1
Ra7 28. Qb3 Kf6 29. h4 Qxb3 30. Rxb3 Ra3 31. Rxa3 Nxa3 32. Kf1 Nc4 33. Ke2 Nb6
34. Na2 Nc4 35. Nb4 Na5 36. Nd3 g5 37. Ne5 gxh4 38. gxh4 f4 39. Kf3 fxe3 40.
fxe3 Kf5 41. Nd3 Nc4 42. Nf4 Nd2+ 43. Ke2 Ne4 44. Nxh5 Kg4 45. Ng7 Kxh4 46.
Nf5+ Kg5 47. Ne7 c5 48. Nxd5 cxd4 49. exd4 Ng3+ 50. Kf3 Nf5 51. Ke4 Nxd4 52.
Kxd4 1/2-1/2

[Event "Championnat de France - Open B"]
[Site "NANCY"]
[Date "2013.08.19"]
[Round "7.2"]
[White "Ruhant, Anthony"]
[Black "Duhamel, Benoit"]
[Result "0-1"]
[WhiteElo "1924"]
[BlackElo "1942"]
[PlyCount "90"]
[EventDate "2013.??.??"]

1. e4 Nf6 2. e5 Nd5 3. c4 Nb6 4. d4 d6 5. exd6 exd6 6. Nc3 Nc6 7. Be3 Be7 8. a3
O-O 9. Bd3 Re8 10. Qc2 Bg5 11. O-O-O Bxe3+ 12. fxe3 Qg5 13. Nf3 Qxe3+ 14. Kb1
Bg4 15. Rhf1 g6 16. Nb5 Qe7 17. Rde1 Qd7 18. Rxe8+ Rxe8 19. Ng5 a6 20. Nc3 Nxd4
21. Qf2 Qe7 22. Nce4 f5 23. Qxd4 fxe4 24. Nf7 Qxf7 25. Rxf7 Kxf7 26. Bxe4 Rxe4
27. Qf2+ Bf5 28. Ka2 Rxc4 29. Qf3 d5 30. h3 h5 31. Qf2 Na4 32. Qf3 Rc2 33. g4
Rxb2+ 34. Ka1 Rb1+ 35. Ka2 hxg4 36. hxg4 Rb2+ 37. Ka1 Rb1+ 38. Ka2 d4 39. gxf5
Nc3+ 40. Qxc3 dxc3 41. fxg6+ Kxg6 42. Kxb1 Kf5 43. Kc2 Ke5 44. Kxc3 Kd5 45. Kb4
b6 0-1

[Event "Championnat de France - Open B"]
[Site "NANCY"]
[Date "2013.08.19"]
[Round "7.3"]
[White "Muller, Etienne"]
[Black "Moullier, Igor"]
[Result "1/2-1/2"]
[WhiteElo "1907"]
[BlackElo "1936"]
[PlyCount "61"]
[EventDate "2013.??.??"]

1. Nf3 Nf6 2. c4 e6 3. Nc3 b6 4. g3 Bb7 5. Bg2 Be7 6. O-O O-O 7. d4 Ne4 8. Qc2
Nxc3 9. Qxc3 d6 10. Rd1 Nd7 11. b3 f5 12. Ba3 Qe8 13. Rac1 Bf6 14. Qe3 e5 15.
Nxe5 Bxg2 16. Nxd7 Qxd7 17. Kxg2 Rae8 18. Qf3 g5 19. c5 g4 20. Qd5+ Kh8 21.
cxd6 cxd6 22. Qxd6 Qb5 23. Rc7 Qxe2 24. Rf1 Qe4+ 25. Kg1 Bxd4 26. Qd7 Bxf2+ 27.
Rxf2 Qe1+ 28. Kg2 Qe4+ 29. Kg1 Qe1+ 30. Kg2 Qe4+ 31. Kg1 1/2-1/2

[Event "Championnat de France - Open B"]
[Site "NANCY"]
[Date "2013.08.19"]
[Round "7.4"]
[White "Ginovart, Axel"]
[Black "Coiffait, Pierre-Basile"]
[Result "0-1"]
[WhiteElo "1857"]
[BlackElo "1931"]
[PlyCount "110"]
[EventDate "2013.??.??"]

1. e4 e6 2. d4 d5 3. Nc3 Nf6 4. Bg5 dxe4 5. Nxe4 Be7 6. Nxf6+ Bxf6 7. Bxf6 Qxf6
8. Nf3 O-O 9. c3 b6 10. Bd3 Bb7 11. h4 Rd8 12. Qe2 Nd7 13. Ng5 g6 14. Ne4 Bxe4
15. Bxe4 Rac8 16. h5 c5 17. hxg6 hxg6 18. Rd1 cxd4 19. Rxd4 Nc5 20. Rxd8+ Rxd8
21. Bc2 Rd5 22. Rh3 Qg5 23. Rg3 Qc1+ 24. Bd1 Qf4 25. b4 Ne4 26. Qe3 Qh4 27. Rh3
Qxf2+ 28. Qxf2 Rxd1+ 29. Ke2 Nxf2 30. Kxf2 Rd2+ 31. Ke3 Rxg2 32. a4 Ra2 33. a5
bxa5 34. bxa5 Rxa5 35. Kd4 Rd5+ 36. Kc4 f5 37. Kb4 a5+ 38. Kb3 Kg7 39. c4 Rc5
40. Rd3 Kf6 41. Rd8 g5 42. Rh8 Ke5 43. Kc3 Ke4 44. Rh1 f4 45. Re1+ Kf5 46. Kd4
Rc8 47. Re5+ Kf6 48. Rxa5 e5+ 49. Kd5 Rd8+ 50. Kc6 g4 51. Kc7 Rd4 52. c5 g3 53.
Ra2 f3 54. Ra3 f2 55. Rf3+ Rf4 0-1

[Event "Championnat de France - Open B"]
[Site "NANCY"]
[Date "2013.08.19"]
[Round "7.5"]
[White "Merenciano, Alexandre"]
[Black "Joslin, Jerome"]
[Result "1/2-1/2"]
[WhiteElo "1888"]
[BlackElo "1980"]
[PlyCount "186"]
[EventDate "2013.??.??"]

1. e4 e5 2. Bc4 Nc6 3. d3 d6 4. Nc3 Nf6 5. Nge2 Na5 6. O-O Nxc4 7. dxc4 b6 8.
Qd3 Bb7 9. Bg5 Be7 10. Rad1 O-O 11. Ng3 Bc8 12. b3 Be6 13. Bc1 Qd7 14. Nd5 Rfd8
15. f4 Bg4 16. Rde1 Nxd5 17. exd5 exf4 18. Rxf4 Bg5 19. Rfe4 f5 20. Rxg4 fxg4
21. Bxg5 Re8 22. Be3 Qe7 23. Qf5 Rf8 24. Qxg4 Rae8 25. h3 Qf6 26. Re2 Qg6 27.
Bf2 Rxe2 28. Qxe2 Re8 29. Qd3 Qg5 30. Qf5 Qc1+ 31. Kh2 Qd2 32. Ne4 Qe2 33. Ng5
Qe5+ 34. Qxe5 Rxe5 35. Ne6 Re2 36. Bd4 c6 37. Bg1 cxd5 38. Nd4 Re5 39. Nc6 Re2
40. Nd4 Re5 41. cxd5 Rxd5 42. Nc6 Rd2 43. Nxa7 Rxc2 44. a4 Rc3 45. Bxb6 Rxb3
46. Nc8 Kf7 47. a5 Ke6 48. Bd4 Ra3 49. Bxg7 d5 50. Na7 Rxa5 51. Nc6 Ra3 52.
Nd4+ Kf7 53. Be5 Re3 54. Nf3 Ke6 55. Bd4 Rd3 56. Bf2 Kf5 57. Bg1 Rd1 58. Bf2 h5
59. Kg3 Rb1 60. Kh2 Rb2 61. Bd4 Ra2 62. Bg1 Ke4 63. Bb6 Kd3 64. Kg1 Ke2 65.
Nd4+ Kd3 66. Nf3 Ra4 67. Bc5 Re4 68. Bb6 Re6 69. Ba7 Ra6 70. Bc5 Ke2 71. Nd4+
Ke3 72. Nf3+ Kf4 73. Bd4 Rd6 74. Ba7 Ra6 75. Bc5 Kg3 76. Bf2+ Kf4 77. Bc5 Ke4
78. Bd4 Kf4 79. Bc5 Rc6 80. Bd4 Rc2 81. Ba7 Rc1+ 82. Kf2 Rc8 83. Bd4 Rc4 84.
Be3+ Kf5 85. Ba7 Ra4 86. Bc5 Ke4 87. Bb6 Ra2+ 88. Kf1 Kd3 89. Bc5 Ra6 90. Kf2
Rf6 91. Be3 Rf7 92. Bc5 Rf6 93. Be3 Re6 1/2-1/2

[Event "Championnat de France - Open B"]
[Site "NANCY"]
[Date "2013.08.19"]
[Round "7.6"]
[White "Marimoutou, Loic"]
[Black "Kern, Nicolas"]
[Result "1/2-1/2"]
[WhiteElo "1960"]
[BlackElo "1927"]
[PlyCount "75"]
[EventDate "2013.??.??"]

1. e4 e5 2. Nf3 Nc6 3. Bc4 Nf6 4. d3 d6 5. c3 Be7 6. Bb3 O-O 7. Nbd2 h6 8. O-O
Nh7 9. h3 Ng5 10. Nc4 Ne6 11. d4 exd4 12. cxd4 b5 13. Ne3 Na5 14. Bc2 c5 15.
Nf5 Bf6 16. e5 dxe5 17. dxe5 Qxd1 18. Rxd1 Bd8 19. Nd6 Bd7 20. Be4 Rb8 21. Be3
Bb6 22. Bd5 c4 23. Bd2 Nc6 24. Nf5 Bc5 25. Be3 Bxe3 26. Bxc6 Bxc6 27. Ne7+ Kh7
28. Nxc6 Rb6 29. Nb4 Bc5 30. Nd5 Rc6 31. Rac1 Rfc8 32. Kf1 a6 33. g3 Kg8 34.
Ke2 Kf8 35. Kf1 Kg8 36. Ke2 Kf8 37. Kf1 Kg8 38. Ke2 1/2-1/2

[Event "Championnat de France - Open B"]
[Site "NANCY"]
[Date "2013.08.19"]
[Round "7.7"]
[White "Ronce, Nathan"]
[Black "Louis-Sidois, Charles"]
[Result "1/2-1/2"]
[WhiteElo "1943"]
[BlackElo "1950"]
[PlyCount "75"]
[EventDate "2013.??.??"]

1. c4 Nf6 2. g3 g6 3. Bg2 Bg7 4. Nc3 O-O 5. e4 d6 6. Nge2 c5 7. O-O Nc6 8. d3
Ne8 9. Be3 f5 10. exf5 Bxf5 11. d4 Nb4 12. Be4 Bh3 13. Re1 Nf6 14. Nf4 Nxe4 15.
Nxh3 Nxc3 16. bxc3 Nc6 17. Qg4 Qc8 18. Qh4 Rf5 19. g4 Rf8 20. Rad1 cxd4 21.
cxd4 e5 22. d5 Nb4 23. Ng5 h6 24. Ne6 g5 25. Qh5 Rf7 26. c5 Nc2 27. Re2 Nxe3
28. Rxe3 dxc5 29. Qg6 Qd7 30. Rxe5 Qa4 31. Rd3 Qxg4+ 32. Kf1 Qc4 33. Nxg7 Rxg7
34. Qe6+ Kh7 35. Qf5+ Kg8 36. Qe6+ Kh7 37. Qf5+ Kg8 38. Qe6+ 1/2-1/2

[Event "Championnat de France - Open B"]
[Site "NANCY"]
[Date "2013.08.19"]
[Round "7.8"]
[White "Schmit, Vincent"]
[Black "Gey, Marc-Emile"]
[Result "1-0"]
[WhiteElo "1979"]
[BlackElo "1920"]
[PlyCount "89"]
[EventDate "2013.??.??"]

1. e4 c6 2. Nc3 g6 3. d4 d5 4. Be3 Bg7 5. Be2 dxe4 6. Nxe4 Nf6 7. Nxf6+ Bxf6 8.
Qd2 Bg7 9. h4 c5 10. O-O-O cxd4 11. Bb5+ Nc6 12. Nf3 Bg4 13. Bxd4 Bxd4 14. Qxd4
Qxd4 15. Rxd4 Bxf3 16. gxf3 Rd8 17. Bxc6+ bxc6 18. Rb4 f6 19. Rd1 Kf7 20. Rb7
Rxd1+ 21. Kxd1 Rd8+ 22. Ke2 Rd4 23. Rxa7 Rxh4 24. a4 h5 25. b3 Rb4 26. a5 c5
27. a6 Rb6 28. Ra8 h4 29. a7 Ra6 30. Rh8 Rxa7 31. Rxh4 Ke6 32. Ra4 Rb7 33. Kd3
Kd5 34. f4 e5 35. Ra6 exf4 36. Rxf6 Rb4 37. Rxg6 Rd4+ 38. Kc3 Re4 39. Rg5+ Kc6
40. Rf5 Kb5 41. Rf6 Rd4 42. Kb2 c4 43. Kc3 cxb3 44. Kxd4 b2 45. Rf8 1-0

[Event "Championnat de France - Open B"]
[Site "NANCY"]
[Date "2013.08.19"]
[Round "7.9"]
[White "Kodjabachian, Julien"]
[Black "Perradin, Vincent"]
[Result "1/2-1/2"]
[WhiteElo "1978"]
[BlackElo "1916"]
[PlyCount "123"]
[EventDate "2013.??.??"]

1. e4 e5 2. Nf3 Nc6 3. Bb5 a6 4. Bxc6 dxc6 5. O-O Bg4 6. h3 h5 7. d3 Qf6 8.
Nbd2 O-O-O 9. hxg4 hxg4 10. Nh2 Nh6 11. Nb3 Bd6 12. Bxh6 Qxh6 13. Qxg4+ Kb8 14.
Qg3 Rh7 15. Qh3 Qg6 16. Qg3 Qh6 17. Rfe1 Rdh8 18. f3 Qxh2+ 19. Qxh2 Rxh2 20.
Rad1 Be7 21. g3 Rh1+ 22. Kf2 R8h2+ 23. Ke3 Rxe1+ 24. Rxe1 Rxc2 25. Re2 Bg5+ 26.
Kf2 Rxe2+ 27. Kxe2 b6 28. d4 exd4 29. Nxd4 Kb7 30. f4 Bd8 31. e5 g6 32. e6 fxe6
33. Nxe6 Be7 34. Kd3 Kc8 35. Kd4 Kd7 36. Ke5 c5 37. g4 Bd6+ 38. Kf6 b5 39. f5
gxf5 40. Kxf5 Ke7 41. g5 a5 42. g6 a4 43. g7 Kf7 44. Ke4 c4 45. Kd4 c5+ 46. Kc3
Be5+ 47. Kc2 Bd4 48. a3 Bf2 49. Kc3 Be1+ 50. Kc2 Bb4 51. Kc1 c3 52. axb4 cxb4
53. Nc7 a3 54. bxc3 bxc3 55. Kb1 b4 56. Nd5 b3 57. Nxc3 Kxg7 58. Nb5 a2+ 59.
Kb2 Kf6 60. Nd4 Ke5 61. Nxb3 Kd5 62. Kxa2 1/2-1/2

[Event "Championnat de France - Open B"]
[Site "NANCY"]
[Date "2013.08.19"]
[Round "7.10"]
[White "Trouve, Guillaume"]
[Black "Merstorf, Denis"]
[Result "1-0"]
[WhiteElo "1908"]
[BlackElo "1964"]
[PlyCount "151"]
[EventDate "2013.??.??"]

1. e4 d5 2. exd5 Nf6 3. d4 Nxd5 4. c4 Nb6 5. Nc3 g6 6. Be3 Bg7 7. h3 O-O 8. Nf3
Nc6 9. Be2 e5 10. d5 Ne7 11. Qd2 Nf5 12. O-O Nxe3 13. Qxe3 Qe7 14. Rac1 f5 15.
Nd2 Nd7 16. Rfd1 a6 17. a3 b6 18. b4 Bb7 19. f3 Rae8 20. Nb3 Nf6 21. c5 f4 22.
Qf2 e4 23. Qf1 e3 24. d6 cxd6 25. cxd6 Qe5 26. Bxa6 Bxa6 27. Qxa6 Rc8 28. Ne2
Rxc1 29. Nexc1 Nd7 30. Qc4+ Kh8 31. Qc6 Qe6 32. Qc2 Be5 33. Nd4 Qxd6 34. Nc6
Qe6 35. Nxe5 Nxe5 36. Qe4 Qf5 37. Qd4 Qf6 38. Ne2 Nc6 39. Qxb6 Ne7 40. Qb7 Kg7
41. Nxf4 Qxf4 42. Qxe7+ Rf7 43. Qe6 Rc7 44. Qb3 Qe5 45. Re1 Rc3 46. Qb2 Qd4 47.
b5 Qd2 48. Re2 Qd1+ 49. Kh2 Qd6+ 50. g3 Qxa3 51. b6 Qxb2 52. Rxb2 Rd3 53. b7
Rd2+ 54. Rxd2 exd2 55. b8=Q d1=Q 56. Qe5+ Kg8 57. Qb8+ Kg7 58. Qa7+ Kg8 59. Qf2
Qb3 60. h4 Qc4 61. Qe3 Qc2+ 62. Kh3 Qc4 63. g4 Qf1+ 64. Kg3 Qc4 65. Qe8+ Kg7
66. Qe5+ Kg8 67. h5 Qc1 68. f4 Qg1+ 69. Kh4 gxh5 70. gxh5 Qf2+ 71. Kg5 Qg1+ 72.
Kh6 Qb6+ 73. Kg5 Qg1+ 74. Kf5 Qb1+ 75. Kf6 Qb6+ 76. Qe6+ 1-0

[Event "Championnat de France - Open B"]
[Site "NANCY"]
[Date "2013.08.20"]
[Round "8.1"]
[White "Duhamel, Benoit"]
[Black "Venard, Paul-Andre"]
[Result "0-1"]
[WhiteElo "1942"]
[BlackElo "1933"]
[PlyCount "62"]
[EventDate "2013.??.??"]

1. e4 c5 2. Nf3 Nc6 3. c3 Nf6 4. e5 Nd5 5. Bc4 Nb6 6. Bb3 g6 7. d4 cxd4 8. cxd4
Bg7 9. Nc3 O-O 10. O-O d6 11. exd6 Qxd6 12. Ne4 Qb8 13. h3 h6 14. Be3 Kh7 15.
Qd2 f5 16. Bf4 e5 17. Nxe5 Bxe5 18. dxe5 fxe4 19. Bxh6 Rd8 20. Qe3 Qxe5 21.
Rad1 Be6 22. Bf4 Qf5 23. g4 Qf7 24. f3 Bxb3 25. axb3 Nd5 26. Rxd5 Qxd5 27. Qe1
exf3 28. Qh4+ Kg8 29. Rc1 Re8 30. Rf1 Qd4+ 31. Rf2 Re1+ 0-1

[Event "Championnat de France - Open B"]
[Site "NANCY"]
[Date "2013.08.20"]
[Round "8.2"]
[White "Pouchon, Joffrey"]
[Black "Coiffait, Pierre-Basile"]
[Result "1/2-1/2"]
[WhiteElo "1917"]
[BlackElo "1931"]
[PlyCount "106"]
[EventDate "2013.??.??"]

1. d4 Nf6 2. Nf3 g6 3. g3 Bg7 4. Bg2 d5 5. O-O O-O 6. c3 Nbd7 7. Nbd2 c6 8. Re1
e5 9. Nxe5 Nxe5 10. dxe5 Ng4 11. Nf3 Nxe5 12. Nxe5 Bxe5 13. Bh6 Re8 14. e3 Bf5
15. e4 dxe4 16. Bxe4 Bxe4 17. Qxd8 Raxd8 18. Rxe4 f5 19. Re2 Bf6 20. Rxe8+ Rxe8
21. Be3 a6 22. Kf1 Rd8 23. Ke2 Kf7 24. a4 Ke6 25. Ra3 Be7 26. Rb3 b5 27. c4 Rb8
28. Bf4 Rb7 29. axb5 axb5 30. cxb5 Rxb5 31. Re3+ Kf7 32. b3 g5 33. Bc7 Bf6 34.
Rd3 Rb7 35. Ba5 Ra7 36. Bb6 Ra2+ 37. Kf3 Rc2 38. g4 Kg6 39. h3 fxg4+ 40. hxg4
Rc3 41. Rxc3 Bxc3 42. Ke4 h5 43. gxh5+ Kxh5 44. Kf5 g4 45. Bc5 Kh4 46. Bd6 Kh3
47. Bg3 Bb4 48. Ke4 Kg2 49. Kf4 Kh3 50. Kf5 Bc5 51. Kg5 Be7+ 52. Kf5 Bc5 53.
Kg5 Be7+ 1/2-1/2

[Event "Championnat de France - Open B"]
[Site "NANCY"]
[Date "2013.08.20"]
[Round "8.3"]
[White "Moullier, Igor"]
[Black "Marimoutou, Loic"]
[Result "1/2-1/2"]
[WhiteElo "1936"]
[BlackElo "1960"]
[PlyCount "83"]
[EventDate "2013.??.??"]

1. c4 e5 2. g3 Nc6 3. Bg2 f5 4. Nc3 Nf6 5. d3 Bb4 6. Bd2 O-O 7. e3 d6 8. Nge2
Qe8 9. a3 Bxc3 10. Nxc3 Qg6 11. Nd5 Rf7 12. Qe2 a5 13. f4 Be6 14. Nxf6+ Qxf6
15. Bc3 Re7 16. O-O Bd7 17. Qd2 a4 18. d4 Qh6 19. d5 Nd8 20. Rae1 e4 21. Qd4 b6
22. Rf2 Nb7 23. Bf1 Nc5 24. Qd1 Rb8 25. Bb4 Qf6 26. Qc2 Be8 27. Rb1 Nb3 28. Be2
Bd7 29. Bd1 Ree8 30. Qc3 Qxc3 31. bxc3 Nc5 32. Bxc5 dxc5 33. Rfb2 Kf7 34. d6
cxd6 35. Rxb6 Rxb6 36. Rxb6 Ke6 37. g4 g6 38. h3 Ra8 39. Kf2 Ke7 40. Kg3 Ra7
41. Kh4 h6 42. Kg3 1/2-1/2

[Event "Championnat de France - Open B"]
[Site "NANCY"]
[Date "2013.08.20"]
[Round "8.4"]
[White "Chebance, Benoit"]
[Black "Muller, Etienne"]
[Result "1/2-1/2"]
[WhiteElo "1959"]
[BlackElo "1907"]
[PlyCount "58"]
[EventDate "2013.??.??"]

1. e4 c5 2. Nc3 Nc6 3. g3 g6 4. Bg2 Bg7 5. d3 Nf6 6. Bh3 O-O 7. Be3 d6 8. Qd2
Rb8 9. Bh6 b5 10. Bxg7 Kxg7 11. Nge2 Bd7 12. O-O Qa5 13. f4 Nd4 14. a3 Rfc8 15.
e5 dxe5 16. fxe5 Nh5 17. Qc1 Qc7 18. g4 Qxe5 19. gxh5 Nxe2+ 20. Nxe2 Qxe2 21.
Qf4 Bf5 22. h6+ Kf8 23. Rae1 Qxc2 24. Qe5 e6 25. Qd6+ Kg8 26. Qe5 Kf8 27. Qd6+
Kg8 28. Qe5 Kf8 29. Qd6+ Kg8 1/2-1/2

[Event "Championnat de France - Open B"]
[Site "NANCY"]
[Date "2013.08.20"]
[Round "8.5"]
[White "Joslin, Jerome"]
[Black "Kern, Nicolas"]
[Result "1-0"]
[WhiteElo "1980"]
[BlackElo "1927"]
[PlyCount "79"]
[EventDate "2013.??.??"]

1. d4 d5 2. c4 c6 3. e3 Nf6 4. Bd3 e5 5. dxe5 dxc4 6. Be2 Qxd1+ 7. Bxd1 Ng4 8.
f4 Bc5 9. Ke2 Bf5 10. h3 Bd3+ 11. Kf3 h5 12. Nc3 Na6 13. Nge2 O-O-O 14. Ng3 Nh6
15. Nxh5 Nf5 16. g4 Nh4+ 17. Kg3 g5 18. Bf3 Nxf3 19. Kxf3 Nb4 20. Ne4 Nc2 21.
Nxc5 Nxa1 22. Nxd3 Rxd3 23. Ke4 Rhd8 24. Kf5 Rd1 25. Rxd1 Rxd1 26. Kf6 Rxc1 27.
fxg5 Rf1+ 28. Ke7 Nc2 29. e6 Nxe3 30. Nf6 fxe6 31. g6 Rxf6 32. Kxf6 Kd8 33. g7
Nd5+ 34. Kxe6 Ne7 35. h4 b5 36. h5 Ng8 37. g5 b4 38. h6 c3 39. bxc3 bxc3 40. h7
1-0

[Event "Championnat de France - Open B"]
[Site "NANCY"]
[Date "2013.08.20"]
[Round "8.6"]
[White "Trouve, Guillaume"]
[Black "Schmit, Vincent"]
[Result "1/2-1/2"]
[WhiteElo "1908"]
[BlackElo "1979"]
[PlyCount "115"]
[EventDate "2013.??.??"]

1. e4 e5 2. Nf3 Nc6 3. Bc4 Nf6 4. d3 h6 5. O-O g6 6. Re1 Bg7 7. d4 Qe7 8. Nxe5
Nxe5 9. dxe5 Qxe5 10. Nc3 O-O 11. h3 c6 12. Qe2 d6 13. f4 Qa5 14. Bb3 Nd7 15.
Bd2 Qc7 16. Rad1 Nc5 17. Qf3 Nxb3 18. axb3 f5 19. Qg3 Kh7 20. Bc1 fxe4 21. Nxe4
d5 22. Nf2 Bf5 23. Re2 Rae8 24. Rde1 Rxe2 25. Rxe2 Qd7 26. Ng4 Be4 27. Nf2 Bf5
28. Qf3 Re8 29. g4 Rxe2 30. Qxe2 Qe6 31. Qd2 Be4 32. Nxe4 Qxe4 33. c3 d4 34.
Kf2 Qh1 35. Kg3 Qg1+ 36. Kf3 Qf1+ 37. Kg3 Qg1+ 38. Kf3 Qf1+ 39. Kg3 c5 40. h4
Qg1+ 41. Kf3 Qf1+ 42. Kg3 g5 43. hxg5 hxg5 44. Qc2+ d3 45. Qh2+ Kg8 46. Qg2
Qe1+ 47. Kh2 Qe2 48. Kg3 Qe1+ 49. Kh2 Qe6 50. fxg5 Be5+ 51. Kh3 Qxb3 52. Qe4
Qd1 53. Qxe5 Qxc1 54. Qe8+ Kg7 55. Qe7+ Kg8 56. Qe8+ Kg7 57. Qe7+ Kg8 58. Qe8+
1/2-1/2

[Event "Championnat de France - Open B"]
[Site "NANCY"]
[Date "2013.08.20"]
[Round "8.7"]
[White "Louis-Sidois, Charles"]
[Black "Ruhant, Anthony"]
[Result "1/2-1/2"]
[WhiteElo "1950"]
[BlackElo "1924"]
[PlyCount "126"]
[EventDate "2013.??.??"]

1. e4 e5 2. Nf3 Nc6 3. Bb5 a6 4. Ba4 Bc5 5. O-O d6 6. c3 b5 7. Bb3 Bg4 8. h3
Bh5 9. d3 h6 10. Nbd2 g5 11. g4 Bg6 12. Re1 Qd7 13. Nf1 Nf6 14. d4 Bb6 15. dxe5
Nxe5 16. Ng3 O-O-O 17. Nf5 Rde8 18. a4 Bxf5 19. Nxe5 Rxe5 20. exf5 Rxe1+ 21.
Qxe1 Kb7 22. axb5 axb5 23. Be3 Re8 24. Qd2 Bxe3 25. fxe3 Re5 26. e4 c5 27. Bxf7
Nxe4 28. Bd5+ Kb6 29. Qd3 Nf6 30. Be6 Qc6 31. Bc8 Qd5 32. Qxd5 Rxd5 33. Ra6+
Kc7 34. Be6 Rd1+ 35. Kf2 Kb7 36. Ke2 Kxa6 37. Kxd1 Kb6 38. b4 Kc7 39. Ke2 Ne4
40. Kd3 Nf2+ 41. Ke3 Nxh3 42. f6 Nf4 43. Bg8 Kd7 44. Ke4 Ke8 45. bxc5 dxc5 46.
Ke5 Ne2 47. c4 bxc4 48. Bxc4 Ng3 49. Bd3 Kf7 50. Bc4+ Kf8 51. Bd3 Kf7 52. Bc4+
Kf8 53. Bd3 h5 54. gxh5 Nxh5 55. Kf5 g4 56. Kxg4 Nxf6+ 57. Kf5 Nd5 58. Ke5 Nb4
59. Bc4 Ke7 60. Bb5 Na2 61. Kd5 Nc3+ 62. Kxc5 Nxb5 63. Kd5 Nc3+ 1/2-1/2